Βίος και πολιτεία Γιώργου Ζαμπέτα : και η βρόχα έπιπτε στρέιτ θρου

Αποθηκεύτηκε σε:
Λεπτομέρειες βιβλιογραφικής εγγραφής
Κύριος συγγραφέας: Κλειάσιου, Ιωάννα
Μορφή: Βιβλίο
Γλώσσα:Greek
Δημοσίευση: Αθήνα : Ντέφι, 1997.
Θέματα:
Ετικέτες: Προσθήκη ετικέτας
Δεν υπάρχουν, Καταχωρήστε ετικέτα πρώτοι!

MARC

LEADER 00000cam a2200000 i 4500
001 1/61276
008 141209s1997####gr | ||| |||| | gre||
020 |a 960-8496-01-2 
035 |l 10120023 
040 |a GR-MyUA  |b gre  |e AACR2 
041 0 |a gre 
082 0 |a 927  |2 (23) 
100 1 |a Κλειάσιου, Ιωάννα. 
245 1 0 |a Βίος και πολιτεία Γιώργου Ζαμπέτα :   |b και η βρόχα έπιπτε στρέιτ θρου /   |c Ιωάννα Κλειάσιου.  
260 |a Αθήνα :   |b Ντέφι,   |c 1997.  
300 |a 2 τ. :   |b εικ. ;  |c 23 εκ.  
504 |a Περιλαμβάνει ευρετήριο. 
600 1 0 |a Ζαμπέτας, Γιώργος,   |d 1925-1992  |x Biography. 
650 0 0 |a Composers  |z Greece  |x Biography. 
650 0 0 |a Singers  |z Greece  |x Biography. 
650 0 0 |a Popular music  |z Greece  |y 20th century  |x History and criticism. 
852 |a INST  |b SAMOS  |e 20171103  |h 927 ΚΛΕ  |p 005300045004  |q 005300045004  |t BK  |v τ.1:  |y 0 
852 |a INST  |b SAMOS  |e 20171103  |h 927 ΚΛΕ  |p 005300045005  |q 005300045005  |t BK  |v τ.2:  |y 0 
852 |a INST  |b SYROS  |e 20141209  |h 927 ΚΛΕ  |p 005500012325  |q 005500012325  |t BK  |y 0  |z τ.1 
852 |a INST  |b SYROS  |e 20141209  |h 927 ΚΛΕ  |p 005500012326  |q 005500012326  |t BK  |y 0  |z τ.2 
852 |a INST  |b SYROS  |e 20141209  |h 927 ΚΛΕ  |p 005500012325  |q 005500012325  |t BK  |v τ.1:  |y 0  |z τ.1 
852 |a INST  |b SYROS  |e 20141209  |h 927 ΚΛΕ  |p 005500012326  |q 005500012326  |t BK  |v τ.2:  |y 0  |z τ.2 
853 |a INST  |b SAMOS  |h 927 ΚΛΕ 
853 |a INST  |b SYROS  |h 927 ΚΛΕ 
901 |a BIBL5-2014-3 
909 |a Ε  |b 187204 
909 |a Ε  |b 187203 
970 |a Κοντού  |b Παρασκευή  |z 2014/12/09